02202nam a22005417a 4500003000900000005001700009040002800026041000800054044000700062100002700069245007300096250001200169260004100181300004100222490003800263505001100301505003700312505002300349505004200372505006500414505005500479505005600534505007100590505004500661505004100706505006800747505005200815505005500867505004500922505004600967505003901013505006401052505005101116505006401167505003501231505002601266505008201292648002001374650003401394651002401428908000801452930000901460942001301469945001501482980004301497999001701540952010301557AR-RoUNA20251016114549.0 aAR-RoUNAbspadAR-RoUNA aita aag aInsolera, Italo92750710aRoma moderna b: un secolo di storia urbanistica / cItalo Insolera. a2a. ed. aRoma:beditore S.p.A. Torino,c1962. a279 p.:bfot. byn.bmapasc18x11 cm. aPiccola Biblioteca Einaudivv. 250 tINDICE0 tI. Roma capital Pontificia. p. 90 tII. El 1870. p. 160 tIII. El Plan Pegulador de 1873. p. 290 tIV. Las Leyes especiales y el plan regulador de 1883. p. 40.0 tV. La "Fiebre" y la "crisis" inmobiliaria. p. 54. 0 tVI. La formación de la primera periferia. p. 65. 0 tVII. El 1900: las nuevas leyes y la nueva administración. p. 78.0 tVIII. El Plan Regulador de 1909. p. 91. 0 tIX. Los años de posguerra. p. 104.0 tX. Del Plan Regulador de 1909 al Plan Regulador de 1931. p. 1170 tXI. Las devastaciones y los suburbios. p. 130. 0 tXII. El crecimiento de la ciudad burguesa. p. 146.0 t XIII. El EUR y el plan de 1942. p. 161.0 tXIV. Los años de la posguerra. p. 174.0 tXV. La gran expansión. p. 186. 0 tXVI. Cultura, política, urbanismo de 1950 a 1960. p. 203.0 tXVII. Hacia el nuevo plan regulador. p. 219. 0 tXVIII. El EUR y el "Plan de los Juegos Olímpicos". p. 2300 tXIX. La última tapa. p. 245.0 tXX. Roma 1962. p. 2590 tCronología de los trabajos para el nuevo plan regulador (1950-1962). p. 275 aSiglo 20927240 4aUrbanismoxPlanes reguladores 4aRoma (Italia)93591 aImp e1868 2udccLIB d2025-10-16 65aMaría Machado85gMaría Machado c12182d12182 00102udc4070aAR-RoUNAbAR-RoUNAcSalad0000-00-00eComl0o711.4 (45) l59p2532tej. 1yLIBx